00774 am a2200217 a 450000500170000000800410001702000150005804100080007310000320008124500470011325000110016026000540017130000120022550001210023765300700035865300210042865300230044965300360047265300200050870000280052820240701113842.0100629s1999||||cl a f |||| 001 0 spa d a9562201678 aspa1 aPérez Sánchez, Alfredo. aObstetricia / cAlfredo Pérez Sánchez a3a ed. aSantiago de Chile [Chile]: bMediterraneo;c1999. a1047 p. aPérez Sánchez, A. y Donoso Siña, E. (1999). Obstetricia. (3a ed.). Santiago de Chile [Chile] : Mediterráneo. aBases morfológicas y fisiológicas de la reproducción humana aEmbarazo y parto aMedicina perinatal aPatología médica y embarazo aRecién nacido1 aDonoso Siña, Enrique.